00453nam a2200133Ia 4500008004100000082002000041100002200061245003900083260003500122300001000157942001200167999001900179952012100198210430s9999 xx 000 0 und d a621.4021 E131 A aT.D.Eastop913437 aApplied ThermodynamicscT.D.Eastop aIndiabPearson Educationc2008 a735p. cBK2ddc c563947d563947 001040708NFICaSCMEbSCMEcGENd0000-00-00l3o621.4021 E131 ApSCME-3126r2023-09-21s2023-09-19w2021-04-30yBK